[Event "Principal 2024/25"]
[Site "Vitrolles"]
[Date "2024.11.09"]
[Round "3.1"]
[White "Busson, Benoit"]
[Black "Madi, Mohammed"]
[Result "1-0"]
[WhiteElo "1903"]
[BlackElo "2042"]
[PlyCount "133"]

1. d4 Nf6 2. Nf3 g6 3. Nc3 d6 4. e4 Bg7 5. h3 O-O 6. Be3 Nc6 7. Qd2 a6 8. Bh6
b5 9. Bxg7 Kxg7 10. Bd3 e5 11. d5 Ne7 12. O-O Nh5 13. Ne2 h6 14. a4 bxa4 15.
Rxa4 f5 16. Rfa1 fxe4 17. Bxe4 Nf6 18. R1a3 Bd7 19. Rc4 Bb5 20. Rb4 c5 21. dxc6
d5 22. Bd3 Nxc6 23. Rbb3 Qd6 24. Bxb5 axb5 25. Ng3 b4 26. Rxa8 Rxa8 27. Re3 h5
28. Re1 Re8 29. Qg5 Kh7 30. Qh4 e4 31. Ng5+ Kg7 32. Ne2 Qc5 33. Nf4 Nd8 34. Re2
Qd4 35. Qg3 Qd1+ 36. Kh2 Nd7 37. Nf3 Re6 38. Nxe6+ Nxe6 39. Rd2 Qc1 40. Rxd5
Nf6 41. Ne5 g5 42. Rd6 Nf8 43. Qe3 Qxe3 44. fxe3 g4 45. Rd4 Ne6 46. Rxb4 Nd5
47. Rb7+ Kf6 48. Nc4 gxh3 49. Kxh3 Ne7 50. Nd2 Ng5+ 51. Kg3 h4+ 52. Kxh4 Nf5+
53. Kh5 Nxe3 54. Rb6+ Ne6 55. Nxe4+ Ke5 56. Rxe6+ Kxe6 57. g4 Nxc2 58. g5 Nd4
59. g6 Nf5 60. Kg5 Ne7 61. b4 Kd5 62. b5 Ke6 63. b6 Kd7 64. Kf6 Ng8+ 65. Kg7
Ne7 66. b7 Nc6 67. Kf8 1-0

[Event "Principal 2024/25"]
[Site "Vitrolles"]
[Date "2024.11.09"]
[Round "3.2"]
[White "Hileyan, Michel"]
[Black "Nobili, Denis"]
[Result "1/2-1/2"]
[WhiteElo "1914"]
[BlackElo "1845"]
[PlyCount "36"]

1. d4 c5 2. d5 e5 3. e4 d6 4. c4 Nf6 5. Nc3 Be7 6. Bd3 Nbd7 7. f4 exf4 8. Bxf4
O-O 9. Nf3 a6 10. O-O Nh5 11. Be3 g6 12. Bh6 Ng7 13. Qd2 Bf6 14. Bf4 Qe7 15.
Bg5 Bxg5 16. Qxg5 Qxg5 17. Nxg5 Ne5 18. Be2 Bd7 1/2-1/2

[Event "Principal 2024/25"]
[Site "Vitrolles"]
[Date "2024.11.09"]
[Round "3.3"]
[White "Anton, Jose"]
[Black "Bedhouche, Rayan"]
[Result "0-1"]
[WhiteElo "1817"]
[BlackElo "2002"]
[PlyCount "94"]

1. e4 e5 2. Nf3 Nc6 3. Nc3 Nf6 4. d4 exd4 5. Nd5 Nb4 6. Nxf6+ Qxf6 7. Bc4 Bc5
8. O-O O-O 9. e5 Qg6 10. a3 Nc6 11. b4 Be7 12. b5 Nd8 13. Nxd4 Ne6 14. Bd3 f5
15. exf6 Qxf6 16. Bb2 Nxd4 17. Bxd4 Qf7 18. Qe2 d5 19. a4 Bd6 20. c4 Re8 21.
Qc2 Qf4 22. Bxh7+ Kh8 23. Bxg7+ Kxg7 24. Qg6+ Kf8 25. Qg8+ Ke7 26. Rfe1+ Be5
27. Qg7+ Kd8 28. Qg6 Qxh2+ 29. Kf1 Qh1+ 30. Ke2 Bxa1+ 31. Qxe8+ Kxe8 32. Rxh1
Bf6 33. cxd5 Kf7 34. Be4 Bd7 35. Rh7+ Bg7 36. f4 Re8 37. Kd3 Kf6 38. Rh5 Rh8
39. Rg5 Rh4 40. Rg6+ Kf7 41. g3 Rh2 42. d6 c6 43. bxc6 bxc6 44. Rg5 Ra2 45. Ra5
Ra3+ 46. Ke2 Bd4 47. Bd3 Bg4+ 0-1

[Event "Principal 2024/25"]
[Site "Vitrolles"]
[Date "2024.11.09"]
[Round "3.4"]
[White "Tramarin, Matteo"]
[Black "Dupre Hollebeque, Joachim"]
[Result "1/2-1/2"]
[WhiteElo "1821"]
[BlackElo "1710"]
[PlyCount "150"]

1. c4 c5 2. Nc3 Nf6 3. g3 d5 4. cxd5 Nxd5 5. Bg2 Nc7 6. Nf3 Nc6 7. O-O e5 8. d3
Be7 9. Bd2 O-O 10. Ne4 f6 11. Rc1 b6 12. a3 a5 13. h4 Be6 14. Be3 Nd5 15. Bd2
Bd6 16. Nfg5 fxg5 17. Nxg5 Qd7 18. Nxe6 Qxe6 19. Qb3 Nce7 20. Bg5 Nf4 21. Qxe6+
Nxe6 22. Bxe7 Bxe7 23. Bd5 Kf7 24. f4 Kf6 25. fxe5+ Kxe5 26. Bxa8 Rxa8 27. Rf7
Kd6 28. e3 Bf6 29. Rc2 Nc7 30. d4 Rc8 31. dxc5+ bxc5 32. Rd2+ Ke6 33. Rfd7 Be5
34. Kf2 Rf8+ 35. Kg2 Rb8 36. Kf3 Rf8+ 37. Ke4 Bxg3 38. Rxg7 Bd6 39. Rxh7 Ne8
40. Kd3 Nf6 41. Ra7 Rh8 42. Rxa5 Rxh4 43. Rc2 Rh3 44. Ra4 Nd7 45. Re2 Nb6 46.
Ra6 Nd5 47. Kd2 Ke5 48. Ra4 Nb6 49. Rg4 Kf5 50. Reg2 Ke6 51. Rg6+ Kf7 52. b3
Rh2 53. Kd3 Rh1 54. Ke4 Rh4+ 55. Kf3 Nc8 56. Rg7+ Kf6 57. R2g6+ Ke5 58. Rg5+
Ke6 59. R7g6+ Kf7 60. Rxd6 Nxd6 61. Rxc5 Ke6 62. Ke2 Rh2+ 63. Kd3 Rb2 64. b4
Rb3+ 65. Rc3 Rb1 66. Kc2 Re1 67. Kb3 Nf5 68. b5 Nxe3 69. Ka4 Nd5 70. Rc6+ Kd7
71. Ka5 Re8 72. Ra6 Rb8 73. Ra7+ Kd6 74. Ra6+ Kc7 75. Ra7+ Kd6 1/2-1/2

[Event "Principal 2024/25"]
[Site "Vitrolles"]
[Date "2024.11.09"]
[Round "3.5"]
[White "Touaoula, Rachid"]
[Black "Roganova, Maxime"]
[Result "0-1"]
[WhiteElo "1726"]
[BlackElo "2029"]
[PlyCount "74"]

1. c4 Nf6 2. Nc3 g6 3. Nf3 Bg7 4. g3 O-O 5. Bg2 d6 6. O-O e5 7. d3 Nh5 8. e4
Nc6 9. Rb1 f5 10. Bg5 Nf6 11. Nd5 fxe4 12. Bxf6 Bxf6 13. Nxf6+ Qxf6 14. dxe4
Bg4 15. Qd5+ Kg7 16. Nd2 Be2 17. f4 Bxf1 18. Rxf1 exf4 19. gxf4 Qd4+ 20. Qxd4+
Nxd4 21. Kf2 Rxf4+ 22. Ke3 Rxf1 23. Bxf1 Ne6 24. Bh3 Ng5 25. Bg2 Re8 26. b4 c6
27. h4 Nf7 28. Nf1 Ne5 29. Kd4 Rf8 30. c5 Nf7 31. Ne3 dxc5+ 32. bxc5 Rd8+ 33.
Kc3 Ne5 34. Bf1 b5 35. cxb6 axb6 36. Nc4 Nxc4 37. Bxc4 Kf6 0-1

[Event "Principal 2024/25"]
[Site "Vitrolles"]
[Date "2024.11.09"]
[Round "3.6"]
[White "Gachbar, Imrane"]
[Black "Ghio, Maxime"]
[Result "1-0"]
[WhiteElo "1910"]
[BlackElo "1798"]
[PlyCount "61"]

1. d4 d5 2. c4 c6 3. Nc3 e6 4. Nf3 dxc4 5. a4 Bb4 6. g3 Nf6 7. Bg2 Nbd7 8. O-O
O-O 9. Qc2 Re8 10. Rd1 Qa5 11. Bg5 Bxc3 12. bxc3 Nd5 13. Bd2 e5 14. Qa2 e4 15.
Ng5 e3 16. fxe3 Nxe3 17. Bxe3 Rxe3 18. Ne4 Nf6 19. Nxf6+ gxf6 20. d5 Qc5 21.
Kh1 Bg4 22. dxc6 Rxe2 23. cxb7 Rb8 24. Rd2 Rxd2 25. Qxd2 Qc7 26. Qd4 Bd7 27.
Qxa7 Re8 28. Rb1 Rb8 29. a5 Kg7 30. a6 Bc6 31. Qb6 1-0

[Event "Principal 2024/25"]
[Site "Vitrolles"]
[Date "2024.11.09"]
[Round "3.7"]
[White "Rival, None"]
[Black "Bohli, Adam"]
[Result "0-1"]
[WhiteElo "1785"]
[BlackElo "1881"]
[PlyCount "68"]

1. d4 Nf6 2. c4 e6 3. Nc3 Bb4 4. f3 d5 5. a3 Bxc3+ 6. bxc3 c5 7. cxd5 exd5 8.
e3 O-O 9. Bd3 Nc6 10. Ne2 Ne7 11. O-O h6 12. Ng3 b6 13. Ra2 Bb7 14. Raf2 h5 15.
e4 h4 16. Nh1 dxe4 17. fxe4 Nxe4 18. Rf4 Nxc3 19. Qc2 Ned5 20. Bh7+ Kh8 21.
Rxf7 Rxf7 22. Rxf7 Qe8 23. Qf2 Kxh7 24. Rxb7 Ne2+ 25. Kf1 Nxc1 26. Qc2+ Qg6 27.
Qxc1 Qd3+ 28. Kg1 Qxd4+ 29. Nf2 Rf8 30. Qc2+ Kh8 31. Rd7 Qe3 32. h3 Qe1+ 33.
Kh2 Qxf2 34. Qg6 Qg3+ 0-1

[Event "Principal 2024/25"]
[Site "Vitrolles"]
[Date "2024.11.09"]
[Round "3.8"]
[White "Colandrea, Sauveur"]
[Black "Tiran, Baptiste"]
[Result "1-0"]
[WhiteElo "1772"]
[BlackElo "1861"]
[PlyCount "85"]

1. e4 e5 2. Nc3 Nf6 3. Bc4 Nxe4 4. Nxe4 d5 5. Bd3 dxe4 6. Bxe4 Bc5 7. Qf3 c6 8.
c3 O-O 9. b4 Bb6 10. Bc2 f5 11. Bb3+ Kh8 12. h4 Nd7 13. Nh3 e4 14. Qg3 Bc7 15.
Qg5 Ne5 16. Qxd8 Bxd8 17. Nf4 a5 18. a4 axb4 19. cxb4 Bf6 20. Ra2 Bd7 21. Bb2
Rad8 22. h5 Nd3+ 23. Nxd3 exd3 24. Rh3 Rfe8+ 25. Kf1 Bxb2 26. Rxb2 Be6 27. Re3
Bg8 28. b5 Rxe3 29. fxe3 c5 30. a5 c4 31. Bd1 Bd5 32. b6 Rd7 33. Rb5 Kg8 34.
Rc5 Kf8 35. Bf3 Bxf3 36. gxf3 Ke7 37. Rxc4 Kd6 38. Kf2 Kd5 39. Rc3 Ke5 40. f4+
Ke6 41. Kf3 g6 42. h6 Ke7 43. e4 1-0

[Event "Principal 2024/25"]
[Site "Vitrolles"]
[Date "2024.11.09"]
[Round "3.9"]
[White "Montanelli, Tristan"]
[Black "Espanet, Fabien"]
[Result "0-1"]
[WhiteElo "1733"]
[BlackElo "1847"]
[PlyCount "40"]

1. e4 c5 2. d4 cxd4 3. c3 Nf6 4. e5 Nd5 5. Qxd4 e6 6. Nf3 Nc6 7. Qe4 f5 8. exf6
Nxf6 9. Qc2 Bc5 10. Bd3 e5 11. Bg5 d5 12. Bxf6 Qxf6 13. Bb5 O-O 14. O-O Bg4 15.
Nbd2 e4 16. Bxc6 bxc6 17. Nd4 Qh4 18. Rae1 Bd6 19. g3 Qh3 20. Nxc6 Bf3 0-1

[Event "Principal 2024/25"]
[Site "Vitrolles"]
[Date "2024.11.09"]
[Round "3.10"]
[White "Madranges, Jean"]
[Black "Guisset, Andre"]
[Result "1-0"]
[WhiteElo "1806"]
[BlackElo "1703"]
[PlyCount "97"]

1. Nc3 d5 2. e4 c6 3. Nf3 Bg4 4. h3 Bxf3 5. Qxf3 e6 6. g3 Bc5 7. Bg2 Ne7 8. O-O
Nd7 9. Qe2 O-O 10. d3 Ng6 11. Kh1 d4 12. Nb1 Bd6 13. f4 f5 14. e5 Be7 15. Nd2
Qc7 16. Nf3 c5 17. h4 Rad8 18. Ng5 Bxg5 19. hxg5 b5 20. Bd2 a5 21. a4 b4 22. b3
Nb6 23. Qh5 Qd7 24. Bf3 Nd5 25. Kg2 Ne3+ 26. Bxe3 dxe3 27. Rh1 Kf7 28. Qh3 Qd4
29. Rae1 Qc3 30. Re2 Rd4 31. Bh5 c4 32. bxc4 b3 33. Rc1 Rxd3 34. cxd3 Qxc1 35.
Qh1 b2 36. Re1 Qd2+ 37. Kh3 Qb4 38. Rb1 Rb8 39. Qc6 Rb7 40. Bf3 Re7 41. Qb5 Qd2
42. Rxb2 Qxd3 43. c5 Qc3 44. c6 Rc7 45. Qe2 Ne7 46. Rb7 Rc8 47. Qb5 Kf8 48.
Rxe7 e2 49. Qb7 1-0

[Event "Principal 2024/25"]
[Site "Vitrolles"]
[Date "2024.11.09"]
[Round "3.11"]
[White "Piat, Jean-Pascal"]
[Black "Urcun, Gael"]
[Result "0-1"]
[WhiteElo "1727"]
[BlackElo "1850"]
[PlyCount "148"]

1. d4 Nf6 2. Nc3 d5 3. Bf4 c5 4. e3 cxd4 5. exd4 a6 6. Nf3 Nc6 7. Ne5 Qb6 8.
Nxc6 bxc6 9. a3 Bf5 10. Na4 Qa5+ 11. c3 e6 12. b4 Qd8 13. Bd3 Bxd3 14. Qxd3 Bd6
15. Bxd6 Qxd6 16. Nc5 O-O 17. Nxa6 e5 18. O-O e4 19. Qe2 Ra7 20. Nc5 Re8 21. a4
h5 22. h3 g5 23. g3 g4 24. h4 e3 25. Kg2 Rae7 26. Ra2 exf2 27. Qxf2 Kg7 28. Qf4
Re2+ 29. Rf2 Qxf4 30. gxf4 R2e3 31. a5 Rxc3 32. a6 Ree3 33. a7 Rg3+ 34. Kf1
Rc1+ 35. Ke2 Rgg1 36. Nd3 Rc2+ 37. Rxc2 Ra1 38. Rxc6 Rxa7 39. Rxf6 Kxf6 40. Ke3
Kf5 41. b5 Re7+ 42. Kd2 f6 43. Rf1 g3 44. b6 Kg4 45. Nc5 g2 46. Rg1 Kf3 47. b7
Re2+ 48. Kc3 Re3+ 49. Nd3 Re8 50. Rb1 Rb8 51. Kd2 Rxb7 52. Re1 Rg7 53. Rg1 Rg4
54. f5 Rxd4 55. Kc3 Re4 56. Kd2 Rg4 57. Kd1 Ke3 58. Nc1 Kf2 59. Ne2 Ra4 60. Kd2
Ra2+ 61. Kd3 Ra3+ 62. Kd2 d4 63. Rxg2+ Kxg2 64. Nf4+ Kg3 65. Nxh5+ Kxh4 66.
Nxf6 Kg5 67. Nd5 Kxf5 68. Nb4 Ke4 69. Kc2 Rh3 70. Kd2 Rh2+ 71. Kd1 Rb2 72. Nc2
Rxc2 73. Kxc2 Ke3 74. Kd1 Kd3 0-1

[Event "Principal 2024/25"]
[Site "Vitrolles"]
[Date "2024.11.09"]
[Round "3.12"]
[White "Kosteniuk, Kristina"]
[Black "Garcia, Patrick"]
[Result "1-0"]
[WhiteElo "1768"]
[BlackElo "1716"]
[PlyCount "129"]

1. e4 c5 2. d4 cxd4 3. c3 Nf6 4. e5 Nd5 5. Qxd4 e6 6. Nf3 Nc6 7. Qe4 d6 8. Bb5
Bd7 9. exd6 Bxd6 10. O-O a6 11. Bc4 Nf6 12. Qd3 Qc7 13. Nbd2 Rd8 14. Ne4 Be7
15. Qe2 Nxe4 16. Qxe4 Na5 17. Be2 Bc6 18. Bf4 Bd6 19. Bxd6 Rxd6 20. Qg4 f5 21.
Qh5+ g6 22. Qg5 Bxf3 23. Bxf3 Nc6 24. Rfe1 Qe7 {(=)} 25. Qf4 Kf7 26. Bxc6 Rxc6
27. Rad1 Rd8 28. Qh6 Kg8 29. Qf4 Kf7 30. h3 Rcd6 31. Rxd6 Qxd6 32. Qh4 Rh8 33.
Qg5 Qe7 34. Qe3 Re8 35. c4 Qb4 36. b3 Qd6 37. c5 Qd5 38. a3 e5 39. g3 Qd4 40.
b4 Qxe3 41. Rxe3 Ke6 42. Rd3 e4 43. Rd6+ Kf7 44. Kf1 Re6 45. Rd8 Re8 46. Rd5
Re6 47. Ke2 Kf6 48. Ke3 g5 49. Rd7 Ke5 50. Rxh7 f4+ 51. gxf4+ gxf4+ 52. Ke2 b6
53. h4 bxc5 54. Rh5+ Kd4 55. Rxc5 Rh6 56. h5 e3 57. f3 Rf6 58. a4 Rh6 59. Rf5
Kc3 60. b5 axb5 61. axb5 Rb6 62. Rxf4 Rxb5 63. Rh4 Re5 64. h6 Re8 65. h7 1-0

[Event "Principal 2024/25"]
[Site "Vitrolles"]
[Date "2024.11.09"]
[Round "3.13"]
[White "Boudjellal, Yaqin"]
[Black "Ben Amar, Yanis"]
[Result "1-0"]
[WhiteElo "1729"]
[BlackElo "1825"]
[PlyCount "61"]

1. e4 a6 2. d4 e6 3. Nc3 d5 4. Nf3 Bb4 5. Bd3 dxe4 6. Bxe4 Nf6 7. Bg5 h6 8.
Bxf6 Qxf6 9. O-O O-O 10. Qe2 Rd8 11. Rfd1 Nd7 12. Ne5 Nb6 13. Ng4 Qe7 14. f4 f5
15. Bd3 fxg4 16. Qxg4 Qf6 17. Rf1 Qxd4+ 18. Kh1 e5 19. Qg6 exf4 20. Qh7+ Kf7
21. Bg6+ Ke7 22. Ne4 Qe5 23. c3 Bd6 24. Nxd6 Kxd6 25. Rad1+ Nd5 26. Bc2 f3 27.
Qe4 fxg2+ 28. Qxg2 Kc5 29. b4+ Nxb4 30. cxb4+ Kb6 31. Qg1+ 1-0

[Event "Principal 2024/25"]
[Site "Vitrolles"]
[Date "2024.11.30"]
[Round "4.1"]
[White "Nobili, Denis"]
[Black "Busson, Benoit"]
[Result "0-1"]
[WhiteElo "1845"]
[BlackElo "1903"]
[PlyCount "68"]
[EventDate "1.??.??"]

1. d4 Nf6 2. f4 c5 3. e3 g6 4. Nf3 Bg7 5. Bd3 cxd4 6. exd4 O-O 7. O-O d6 8. b3
Nc6 9. Bb2 Nd5 10. Qc1 Bg4 11. c3 Rc8 12. Qd2 Bh6 13. Ng5 e6 14. h4 e5 15. dxe5
dxe5 16. g3 Qb6+ 17. Qf2 Qxf2+ 18. Rxf2 exf4 19. Bc4 Bxg5 20. hxg5 fxg3 21. Rg2
Ne3 22. Rxg3 Nxc4 23. bxc4 Ne5 24. Nd2 Bf5 25. c5 Rfd8 26. c4 Nd3 27. Bf6 Re8
28. Rf1 Nxc5 29. Rf4 Re1+ 30. Rf1 Rce8 31. Rxe1 Rxe1+ 32. Kf2 Re6 33. Ra3 a6
34. Nf3 Nd3+ 0-1

[Event "Principal 2024/25"]
[Site "Vitrolles"]
[Date "2024.11.30"]
[Round "4.2"]
[White "Bedhouche, Rayan"]
[Black "Espanet, Fabien"]
[Result "1-0"]
[WhiteElo "2002"]
[BlackElo "1847"]
[PlyCount "103"]
[EventDate "1.??.??"]

1. e4 e5 2. Nf3 Nf6 3. Nxe5 d6 4. Nf3 Nxe4 5. d3 Nf6 6. d4 d5 7. Bd3 Bd6 8.
Qe2+ Qe7 9. Qxe7+ Kxe7 10. O-O Re8 11. Bg5 h6 12. Bh4 Be6 13. Nc3 c6 14. Rae1
Nbd7 15. Ne5 g5 16. Nxd7 Kxd7 17. Bg3 Nh5 18. Bxd6 Kxd6 19. Ne2 Bd7 20. h3 f5
21. Ng3 Rxe1 22. Rxe1 Ng7 23. f4 gxf4 24. Ne2 Re8 25. Rf1 Nh5 26. Nxf4 Nxf4 27.
Rxf4 Re1+ 28. Kh2 Ra1 29. Rh4 Rxa2 30. Rxh6+ Ke7 31. b3 a5 32. h4 a4 33. Rh7+
Kd6 34. bxa4 Rxa4 35. c3 Ra8 36. h5 Rg8 37. h6 Rg5 38. Be2 Rg6 39. Bh5 Rf6 40.
Kg3 f4+ 41. Kh4 Rf8 42. Kg5 Bf5 43. Rxb7 Be4 44. h7 Bxg2 45. Rf7 Rh8 46. Kh6
Be4 47. Bg6 f3 48. Kg7 Rb8 49. Bf5 c5 50. h8=Q Rxh8 51. Kxh8 f2 52. Bh3 1-0

[Event "Principal 2024/25"]
[Site "Vitrolles"]
[Date "2024.11.30"]
[Round "4.3"]
[White "Madi, Mohammed"]
[Black "Tramarin, Matteo"]
[Result "1-0"]
[WhiteElo "2042"]
[BlackElo "1821"]
[PlyCount "57"]
[EventDate "1.??.??"]

1. e4 c5 2. Nf3 Nc6 3. d4 cxd4 4. Nxd4 d6 5. Nc3 g6 6. Be3 Bg7 7. Qd2 h5 8. f3
Nf6 9. O-O-O Ne5 10. h3 h4 11. Be2 Nh5 12. f4 Nd7 13. f5 Ng3 14. fxg6 Nxh1 15.
gxf7+ Kxf7 16. Bc4+ Kg6 17. Ne6 Qa5 18. Qe2 Nf6 19. Rxh1 Bxe6 20. Bxe6 Bh6 21.
Bxh6 Rxh6 22. Nd5 Nxd5 23. Qg4+ Kh7 24. Bxd5 Rf8 25. g3 Qc5 26. Qg5 Qc7 27. e5
Rg6 28. Be4 Rfg8 29. Qh5+ 1-0

[Event "Principal 2024/25"]
[Site "Vitrolles"]
[Date "2024.11.30"]
[Round "4.4"]
[White "Roganova, Maxime"]
[Black "Colandrea, Sauveur"]
[Result "1-0"]
[WhiteElo "2029"]
[BlackElo "1772"]
[PlyCount "45"]
[EventDate "1.??.??"]

1. e4 c5 2. Nf3 e6 3. d4 cxd4 4. c3 dxc3 5. Nxc3 a6 6. Bc4 b5 7. Bb3 Nc6 8. O-O
Bc5 9. Re1 Nge7 10. Nd5 O-O 11. Bg5 f6 12. Bf4 exd5 13. exd5 Ng6 14. dxc6+ d5
15. Bxd5+ Kh8 16. c7 Qd7 17. Bxa8 Nxf4 18. Qxd7 Bxd7 19. Rad1 Bf5 20. Rd8 Kg8
21. Bd5+ Nxd5 22. Rxd5 Bxf2+ 23. Kxf2 1-0

[Event "Principal 2024/25"]
[Site "Vitrolles"]
[Date "2024.11.30"]
[Round "4.5"]
[White "Bohli, Adam"]
[Black "Hileyan, Michel"]
[Result "1/2-1/2"]
[WhiteElo "1881"]
[BlackElo "1914"]
[PlyCount "75"]
[EventDate "1.??.??"]

1. c4 f5 2. b4 e5 3. Bb2 d6 4. e3 Nf6 5. Qb3 Be6 6. Nf3 g6 7. d4 e4 8. Ng5 Bg8
9. Nc3 h6 10. Nh3 Bg7 11. a4 Bf7 12. a5 O-O 13. Be2 Nbd7 14. a6 b6 15. O-O Re8
16. Nb5 Bf8 17. d5 g5 18. Nd4 f4 19. Nc6 Qc8 20. exf4 gxf4 21. Nxf4 Ne5 22. Nd4
Kh7 23. Nde6 Be7 24. Qh3 Rg8 25. Bxe5 dxe5 26. Qf5+ Bg6 27. Qxe5 Nd7 28. Qxc7
Qe8 29. Nxg6 Qxg6 30. Qg3 Qf5 31. Qf4 Qg6 32. Qg3 Qf7 33. Qe3 Qf5 34. Nd4 Qg6
35. Qg3 Qf6 36. Qe3 Qg6 37. Qg3 Qf6 38. Qe3 1/2-1/2

[Event "Principal 2024/25"]
[Site "Vitrolles"]
[Date "2024.11.30"]
[Round "4.6"]
[White "Dupre Hollebeque, Joachim"]
[Black "Madranges, Jean"]
[Result "1-0"]
[WhiteElo "1710"]
[BlackElo "1806"]
[PlyCount "67"]
[EventDate "1.??.??"]

1. e4 c5 2. Nf3 e6 3. Nc3 Nc6 4. d4 cxd4 5. Nxd4 Nf6 6. Nxc6 bxc6 7. e5 Nd5 8.
Ne4 Qc7 9. f4 Qb6 10. c4 Ne3 11. Qd3 Bb4+ 12. Bd2 Ba6 13. Rc1 O-O 14. a3 Bxd2+
15. Qxd2 Nxf1 16. Rxf1 f6 17. exf6 d5 18. fxg7 Rf7 19. Nd6 Rxg7 20. c5 Qd8 21.
Rf3 Qh4+ 22. g3 Qh5 23. Rcc3 d4 24. Qxd4 Qxh2 25. Qe4 Rf8 26. Qxe6+ Kh8 27. b4
Rg6 28. Qe5+ Kg8 29. f5 Rg4 30. f6 Qh1+ 31. Kd2 Qg2+ 32. Kc1 Qg1+ 33. Kb2 Rd4
34. Qg5+ 1-0

[Event "Principal 2024/25"]
[Site "Vitrolles"]
[Date "2024.11.30"]
[Round "4.7"]
[White "Urcun, Gael"]
[Black "Kosteniuk, Kristina"]
[Result "0-1"]
[WhiteElo "1850"]
[BlackElo "1768"]
[PlyCount "80"]
[EventDate "1.??.??"]

1. e4 c5 2. Nc3 d6 3. g3 g6 4. Bg2 Bg7 5. d3 Nc6 6. Be3 Rb8 7. Qd2 b5 8. f4 b4
9. Nd1 e5 10. Nf3 Nge7 11. O-O O-O 12. fxe5 Nxe5 13. Nxe5 Bxe5 14. Bh6 Bg7 15.
Bxg7 Kxg7 16. Ne3 Be6 17. d4 Qb6 18. d5 Bd7 19. Nc4 Qa6 20. b3 Bb5 21. Qf4 f6
22. Rf2 Bxc4 23. bxc4 g5 24. Qg4 Ng6 25. Bf1 Ne5 26. Qf5 Qa3 27. Qe6 Rb6 28.
Be2 Qe3 29. Raf1 Ra6 30. Bh5 Ng6 31. Kg2 Rxa2 32. Bxg6 hxg6 33. Kh1 Ra1 34. Kg2
Rxf1 35. Kxf1 Qd4 36. h4 Qxc4+ 37. Kg1 gxh4 38. gxh4 Qd4 39. Qg4 f5 40. Qg2
fxe4 0-1

[Event "Principal 2024/25"]
[Site "Vitrolles"]
[Date "2024.11.30"]
[Round "4.8"]
[White "Tiran, Baptiste"]
[Black "Anton, Jose"]
[Result "1-0"]
[WhiteElo "1861"]
[BlackElo "1817"]
[PlyCount "75"]
[EventDate "1.??.??"]

1. e4 c5 2. d4 cxd4 3. c3 Nf6 4. e5 Nd5 5. Nf3 e6 6. cxd4 b6 7. Bd3 Bb7 8. O-O
Na6 9. Bg5 Be7 10. Bxe7 Qxe7 11. Nbd2 Nab4 12. Ne4 O-O 13. Nd6 Nxd3 14. Nxb7
N3f4 15. Nd6 f6 16. Rc1 fxe5 17. dxe5 Ng6 18. Nb5 Rxf3 19. Qxf3 Rf8 20. Qe4 Qg5
21. Rfe1 h5 22. Nd4 Nh4 23. g3 Rf4 24. Rc8+ Kf7 25. Qh7 Rxd4 26. Qg8+ Kg6 27.
Rf8 Qxe5 28. Qf7+ Kh7 29. Kf1 Qf5 30. Qg8+ Kh6 31. Rxf5 Nxf5 32. h4 Rd2 33. Re2
Rd1+ 34. Kg2 Nd4 35. Re5 Nf5 36. Qd8 Nf6 37. Rxe6 Rb1 38. Rxf6+ 1-0

[Event "Principal 2024/25"]
[Site "Vitrolles"]
[Date "2024.11.30"]
[Round "4.9"]
[White "Guisset, Andre"]
[Black "Rival, None"]
[Result "1/2-1/2"]
[WhiteElo "1703"]
[BlackElo "1785"]
[PlyCount "124"]
[EventDate "1.??.??"]

1. Nf3 Nf6 2. c4 c5 3. Nc3 Nc6 4. g3 g6 5. Bg2 Bg7 6. O-O O-O 7. d4 cxd4 8.
Nxd4 a6 9. Nxc6 bxc6 10. Be3 Rb8 11. Rb1 d6 12. b3 c5 13. Nd5 Nxd5 14. Qxd5 Be6
15. Qd2 a5 16. Bh6 Bxh6 17. Qxh6 Qc7 18. Qd2 Bc8 19. h4 h5 20. Rfd1 Bb7 21.
Bxb7 Rxb7 22. Qd5 Rfb8 23. Rd3 a4 24. Rf3 e6 25. Qd1 Rb6 26. Rd3 R8b7 27. Qd2
Qb8 28. Qd1 Kf8 29. e4 axb3 30. axb3 Kg7 31. Qc2 Rb4 32. Kh2 f6 33. Rf3 R7b6
34. Qc3 e5 35. Rd3 Qb7 36. Re3 Kf7 37. Qc2 Ke7 38. Qd1 Rxc4 39. Rd3 Rxe4 40.
Rd5 Rd4 41. Rxd4 cxd4 42. Qd3 Kf7 43. Qc4+ Kg7 44. b4 Rb5 45. Rb3 d5 46. Qc2
Kf7 47. Qd2 Qb6 48. Qh6 d3 49. Qh7+ Ke6 50. Qg8+ Kf5 51. Qc8+ Qe6 52. Qc1 Qb6
53. Qc8+ Ke4 54. f3+ Kxf3 55. Rxd3+ Ke4 56. Qc2 d4 57. Rc3+ Kd5 58. Qb3+ Kd6
59. Rc8 Rxb4 60. Qf7 Rb2+ 61. Kh3 f5 62. Qxg6+ Kd5 1/2-1/2

[Event "Principal 2024/25"]
[Site "Vitrolles"]
[Date "2024.11.30"]
[Round "4.10"]
[White "Olivi, Raphael"]
[Black "Boudjellal, Yaqin"]
[Result "1-0"]
[WhiteElo "1760"]
[BlackElo "1729"]
[PlyCount "71"]
[EventDate "1.??.??"]

1. c4 e5 2. g3 Nf6 3. Bg2 Nc6 4. Nc3 Bc5 5. Nf3 O-O 6. O-O e4 7. Ng5 Re8 8.
Ngxe4 Nxe4 9. Nxe4 Be7 10. d4 f5 11. Nc3 d6 12. Nd5 Bf6 13. Nxf6+ Qxf6 14. e3
f4 15. Qf3 Nb4 16. Bd2 Nd3 17. Bc3 Bf5 18. Rad1 Qg6 19. Qd5+ Be6 20. Qxb7 Bxc4
21. Bd5+ Bxd5 22. Qxd5+ Kh8 23. e4 fxg3 24. Rxd3 g2 25. Re1 c6 26. Qxc6 Rac8
27. Qb7 Rb8 28. Qxa7 Ra8 29. Qb7 Rab8 30. Qd5 Qf6 31. Rg3 Rf8 32. Rxg2 Rf7 33.
Qg5 Qf3 34. d5 Rbb7 35. Qg4 Qxg4 36. Rxg4 1-0

[Event "Principal 2024/25"]
[Site "Vitrolles"]
[Date "2024.11.30"]
[Round "4.11"]
[White "Montanelli, Tristan"]
[Black "Piat, Jean-Pascal"]
[Result "0-1"]
[WhiteElo "1733"]
[BlackElo "1727"]
[PlyCount "48"]
[EventDate "1.??.??"]

1. Nf3 Nf6 2. b3 d6 3. d4 e6 4. e3 Be7 5. c4 O-O 6. Be2 a5 7. Nc3 Nbd7 8. O-O
c6 9. d5 e5 10. dxc6 bxc6 11. Ba3 Qc7 12. Nd2 Ne8 13. e4 g6 14. f4 exf4 15.
Rxf4 Ng7 16. Rf1 Bb7 17. Nf3 Rad8 18. Qc2 Bf6 19. Rac1 Rfe8 20. Rfd1 Ne5 21.
Qd2 Qb6+ 22. Nd4 Ne6 23. Kh1 Bg5 24. Qc2 Nxd4 0-1

[Event "Principal 2024/25"]
[Site "Vitrolles"]
[Date "2024.12.14"]
[Round "5.1"]
[White "Busson, Benoit"]
[Black "Bedhouche, Rayan"]
[Result "1/2-1/2"]
[WhiteElo "1903"]
[BlackElo "2002"]
[PlyCount "91"]
[EventDate "1.??.??"]

1. e4 e5 2. Nf3 Nc6 3. Bb5 a6 4. Ba4 Nf6 5. d4 exd4 6. O-O Be7 7. e5 Ne4 8. Re1
Nc5 9. Bxc6 dxc6 10. Nxd4 O-O 11. c3 Ne6 12. Nf5 Bg5 13. Na3 Bxc1 14. Qxd8 Nxd8
15. Ne7+ Kh8 16. Raxc1 Be6 17. f4 Re8 18. f5 Rxe7 19. fxe6 Nxe6 20. Rcd1 h6 21.
Nc4 b6 22. Ne3 g6 23. Rd2 h5 24. Red1 Rae8 25. Nc4 Kg7 26. h4 Nf4 27. Rd8 Nd5
28. Rxe8 Rxe8 29. Kf2 a5 30. Kf3 a4 31. a3 Re6 32. Rd2 Kf8 33. g3 Ke8 34. Kf2
Ne7 35. Re2 c5 36. Nd2 Nc6 37. Nf3 Re7 38. Ke1 Kd7 39. Kd2 Ke6 40. Re4 b5 41.
c4 b4 42. Ng5+ Kd7 43. Nxf7 Ke8 44. e6 Nd4 45. Ng5 Nf5 46. Re5 1/2-1/2

[Event "Principal 2024/25"]
[Site "Vitrolles"]
[Date "2024.12.14"]
[Round "5.2"]
[White "Roganova, Maxime"]
[Black "Madi, Mohammed"]
[Result "1/2-1/2"]
[WhiteElo "2029"]
[BlackElo "2042"]
[PlyCount "111"]
[EventDate "1.??.??"]

1. e4 c5 2. Nf3 d6 3. d4 cxd4 4. Nxd4 Nf6 5. Nc3 a6 6. Bg5 e6 7. Qe2 Be7 8. h4
Qc7 9. g4 Nc6 10. O-O-O Bd7 11. Bg2 Rc8 12. f4 h6 13. Bxf6 Bxf6 14. Nxc6 Bxc6
15. e5 Bxg2 16. Qxg2 Be7 17. f5 dxe5 18. fxe6 fxe6 19. Rhf1 Qc6 20. Qg3 Rf8 21.
Qd3 e4 22. Rxf8+ Kxf8 23. Nxe4 Qc4 24. g5 Qxd3 25. Rxd3 hxg5 26. hxg5 Rc4 27.
Re3 Kf7 28. b3 Rd4 29. c4 Kg6 30. Kc2 Bxg5 31. Nxg5 Kxg5 32. Rxe6 Rd7 33. b4
Kf5 34. Re8 g5 35. Rg8 Kf4 36. a4 g4 37. Kc3 Kf3 38. c5 g3 39. b5 axb5 40. axb5
g2 41. Rf8+ Ke2 42. Rg8 Kf2 43. Rf8+ Ke1 44. Re8+ Kf1 45. Rf8+ Kg1 46. Kc4 Rg7
47. c6 bxc6 48. bxc6 Kh2 49. Rf2 Kg3 50. Rxg2+ Kxg2 51. Kd5 Kf3 52. Kd6 Ke4 53.
c7 Rg8 54. Kd7 Kd5 55. c8=Q Rxc8 56. Kxc8 1/2-1/2

[Event "Principal 2024/25"]
[Site "Vitrolles"]
[Date "2024.12.21"]
[Round "5.3"]
[White "Bohli, Adam"]
[Black "Dupre Hollebeque, Joachim"]
[Result "1/2-1/2"]
[WhiteElo "1881"]
[BlackElo "1710"]
[PlyCount "77"]
[EventDate "1.??.??"]

1. c4 c5 2. Nf3 Nc6 3. b4 Nxb4 4. Bb2 d6 5. Nc3 Nf6 6. g3 g6 7. Bg2 Bg7 8. d4
cxd4 9. Nxd4 O-O 10. Qb3 Na6 11. O-O Nc5 12. Qc2 Rb8 13. Qd2 Bd7 14. Rad1 e6
15. Ndb5 Bxb5 16. Nxb5 Nfe4 17. Bxe4 Nxe4 18. Qc2 Bxb2 19. Qxe4 d5 20. cxd5 Qb6
21. Qb4 Bg7 22. a3 a6 23. Nd6 Qxb4 24. axb4 exd5 25. Rxd5 Rfd8 26. e4 Bf8 27.
Rfd1 f6 28. f4 b6 29. e5 fxe5 30. fxe5 Rd7 31. Kg2 Rbd8 32. Kf3 Bxd6 33. Rxd6
Rxd6 34. exd6 Kf7 35. Ra1 Ra8 36. Re1 Ra7 37. g4 Rd7 38. Ra1 Ra7 39. Re1
1/2-1/2